LIBRARY & INFORMATION CENTRE, KCAET, TAVANUR

ONLINE PUBLIC ACCESS CATALOGUE (OPAC)

Irrigation and Water Power Engineering (Record no. 14146)

MARC details
000 -LEADER
fixed length control field 00444nam a22001577a 4500
003 - CONTROL NUMBER IDENTIFIER
control field OSt
008 - FIXED-LENGTH DATA ELEMENTS--GENERAL INFORMATION
fixed length control field 220713b |||||||| |||| 00| 0 eng d
020 ## - INTERNATIONAL STANDARD BOOK NUMBER
ISBN 9788131807637
082 ## - DEWEY DECIMAL CLASSIFICATION NUMBER
Classification number 631.587
Item number PUN/IR
100 I# - MAIN ENTRY--AUTHOR NAME
Personal name Punmia,B C
-- Pande, BB,Lal
-- Ashokkumar Jain
245 ## - TITLE STATEMENT
Title Irrigation and Water Power Engineering
250 ## - EDITION STATEMENT
Edition statement 16 th
260 ## - PUBLICATION, DISTRIBUTION, ETC. (IMPRINT)
Place of publication New Delhi
Name of publisher Laxmi Publications (P) Ltd
Year of publication 2014
300 ## - PHYSICAL DESCRIPTION
Number of Pages 964
Other physical details color plates
942 ## - ADDED ENTRY ELEMENTS (KOHA)
Koha item type Books
Holdings
Withdrawn status Lost status Damaged status Collection code Home library Current library Shelving location Date acquired Source of acquisition Cost, normal purchase price Full call number Accession Number Koha item type
        KAUAET KAUAET General Stacks 05/07/2016 Aman Book Stall, Calicut 695.00 631.587 PUN/IR 24970 Books
        KAUAET KAUAET   28/09/2022     631.587 PUN/IR 24063 Books
free website counter